000
00202nam a2200097Ia 4500
008
190216s9999||||xx |||||||||||||| ||und||
100
_a
Sarathomas
245
0
_a
Asthamayam
260
_b
Null
942
_c
BK
999
_c
25275
_d
25275